000 002400000a22000970004500
100 1 _aBernal, Alirio
245 1 0 _a¿Quién quebró a la caja agraria?
300 _aVol. 10, Núm 10 (1993), Páginas 52-53
773 0 _tCambio 16
942 _cANA
999 _c58517
_d58517